| 000 | 01332cam a22003378a 4500 | ||
|---|---|---|---|
| 001 | 14045914 | ||
| 005 | 20060810200923.0 | ||
| 008 | 050721s2006 nyu b 001 0 eng | ||
| 010 | _a 2005020922 | ||
| 020 | _a0415344131 (hardback : alk. paper) | ||
| 020 | _a0415303222 (pbk. : alk. paper) | ||
| 040 |
_aDLC _cDLC _dDLC |
||
| 042 | _apcc | ||
| 050 | 0 | 0 |
_aR118.6 _b.Y85 2006 |
| 082 | 0 | 0 |
_a610 _222 _bYUD |
| 100 | 1 |
_aYudkin, Ben, _d1968- _95471 |
|
| 245 | 1 | 0 |
_aCritical reading : _bmaking sense of papers in life sciences and medicine / _cBen Yudkin. |
| 260 |
_aNew York, NY : _bRoutledge, _cc2006. |
||
| 263 | _a0601 | ||
| 300 |
_a129p.; _c22 cm. |
||
| 504 | _aIncludes bibliographical references and index. | ||
| 650 | 0 |
_aMedical literature _xEvaluation. _95472 |
|
| 650 | 0 |
_aLife sciences literature _xEvaluation. _95473 |
|
| 650 | 0 |
_aCritical thinking. _95474 |
|
| 650 | 0 |
_aContent area reading. _95475 |
|
| 856 | 4 | 1 |
_3Table of contents only _uhttp://www.loc.gov/catdir/toc/ecip0516/2005020922.html |
| 856 | 4 | 2 |
_3Publisher description _uhttp://www.loc.gov/catdir/enhancements/fy0654/2005020922-d.html |
| 942 |
_2ddc _cBB |
||
| 999 |
_c11656 _d11656 |
||